Concepts and applications of finite element analysis / (Record no. 1231)

000 -LEADER
fixed length control field 00439 a2200133 4500
020 ## - INTERNATIONAL STANDARD BOOK NUMBER
International Standard Book Number 0471356050 (cloth : alk. paper)
082 ## - DEWEY DECIMAL CLASSIFICATION NUMBER
Classification number 624.171 COO
100 ## - MAIN ENTRY--PERSONAL NAME
Personal name Cook,Robert D.
245 ## - TITLE STATEMENT
Title Concepts and applications of finite element analysis /
Statement of responsibility, etc. Robert D. Cook ... [et al.].
250 ## - EDITION STATEMENT
Edition statement 4th ed.
260 ## - PUBLICATION, DISTRIBUTION, ETC.
Place of publication, distribution, etc. New York, NY :
Name of publisher, distributor, etc. Wiley,
Date of publication, distribution, etc. 2001.
300 ## - PHYSICAL DESCRIPTION
Extent xvi, 719 p. :
Other physical details ill. ;
Dimensions 26 cm.
650 ## - SUBJECT ADDED ENTRY--TOPICAL TERM
Topical term or geographic name entry element Structural analysis (Engineering)
650 ## - SUBJECT ADDED ENTRY--TOPICAL TERM
Topical term or geographic name entry element Finite element method.
Holdings
Withdrawn status Lost status Damaged status Not for loan Permanent Location Current Location Shelving location Date acquired Total Checkouts Full call number Barcode Date last seen Date last checked out Price effective from Koha item type Source of classification or shelving scheme Total Renewals
        Central Library (CL) Central Library (CL)   09/25/2019   624.171 COO NIT-279 10/20/2020   01/05/2017 Book   3
        School of Civil and Environmental Engineering (SCEE) School of Civil and Environmental Engineering (SCEE)     1 624.171 COO NIT-750 06/07/2023 03/29/2023 01/05/2017 Book    
        School of Civil and Environmental Engineering (SCEE) School of Civil and Environmental Engineering (SCEE)         NIT-291 01/05/2017   01/05/2017 Book    
© 2023 Central Library, National University of Sciences and Technology. All Rights Reserved.